01042cam a22002414a 450000100090000000300040000900500170001300800410003001000170007102000300008802000300011804000170014805000220016508200170018710000180020424500580022226000440028030000480032450400660037250502520043865000270069085600830071714796048OSt20211222145450.0070404s2008 enka b 001 0 eng  a 2007014030 a9780415334532 (hardcover) a9780415334549 (softcover) aDLCcHUdDLC00aGB561b.C475 200800a551.3/552221 aCharlton, Ro.10aFundamentals of fluvial geomorphology /cRo Charlton. aLondon ;aNew York :bRoutledge,c2008. axxiii, 234 p. :bill. (some col.) ;c26 cm. aIncludes bibliographical references (p. [211]-223) and index.0 aThe fluvial system -- The flow regime -- Sediment sources -- Large-scale sediment transfer -- Flow in channels -- Processes of erosion, transport and deposition -- Channel form and behaviour -- System response to change -- Managing river channels. 0aFluvial geomorphology.413Table of contents onlyuhttp://www.loc.gov/catdir/toc/ecip0714/2007014030.html